Reinterpretando la Cuartería: Una propuesta de Vivienda social progresiva y flexible en los Distritos Centrales
Guardat en:
| Autor principal: | |
|---|---|
| Altres autors: | , |
| Format: | Llibre |
| Idioma: | Spanish |
| Publicat: |
[San José, Costa Rica]
2023
|
| Matèries: | |
| Etiquetes: |
Afegir etiqueta
Sense etiquetes, Sigues el primer a etiquetar aquest registre!
|
MARC
| LEADER | 00000nam a2200000Ia 4500 | ||
|---|---|---|---|
| 003 | 013850 | ||
| 005 | 20240404115733.0 | ||
| 008 | 140114s2023 cr a 000 ||spa d | ||
| 040 | |c cru CEDI | ||
| 100 | |a Rodríguez Hodgson, Natalia María, 1996- |9 2893 | ||
| 245 | |a Reinterpretando la Cuartería: Una propuesta de Vivienda social progresiva y flexible en los Distritos Centrales | ||
| 260 | |a [San José, Costa Rica] |c 2023 | ||
| 500 | |a Proyecto de graduación (licenciatura en arquitectura)--Universidad de Costa Rica. Facultad de Ingeniería. Escuela de Arquitectura | ||
| 501 | |a Directora del Proyecto de Graduación: Mag. Catherine Kauffmann Incer | ||
| 650 | |x VIVIENDA POPULAR - ARQUITECTURA - SAN JOSE (COSTA RICA) |x ARQUITECTURA DOMESTICA - DISEÑOS Y PLANOS | ||
| 700 | |a Cambronero Hernández, Valeria, 1994- |9 2894 | ||
| 700 | |a Kauffmann Incer, Catherine, 1974- |d Directora del TFG |9 111 | ||
| 942 | |c TFG |h TFG 8981 |i 013850 |6 TFG_8981_013850000000000 | ||
| 999 | |c 13069 |d 13069 | ||
